000 00759nam a2200265Ia 4500
003 OSt
005 20220926011212.0
006 a|||||r|||| 00| 0
007 ta
008 220923b |||||||| |||| 00| 0 san d
020 _a0134454030
037 _cGeneral Book
040 _aRTL
_cRTL
_bsan
041 _2san
_asan
082 _aS:D6,9(B), L2
100 _aNewell Allen
_969320
245 0 _aHuman problem solving
260 _aNew Jersey
_bPrentice-Hall
_c1972
300 _axiv,920p
_ccm.
500 _aBibliography: P 891-901; Appendix at the end of each chapter
650 _aPsychology
700 _a Simon Herbert A
942 _hS:D6,9(B), L2
_cGB
_2CC
999 _c619348
_d619348